|
|
|
|
| LEADER |
01167nam a22002892aa4500 |
| 001 |
000439018 |
| 003 |
CZ BrMZK |
| 005 |
20201031155644.0 |
| 007 |
ta |
| 008 |
990305m19191920xr a f cze d |
| 015 |
|
|
|a cnb000637322
|z cnb001236137
|z cnb001236138
|
| 020 |
|
|
|q (Brož.)
|
| 035 |
|
|
|a (OCoLC)85549346
|
| 035 |
|
|
|a (OCoLC)85549353
|
| 040 |
|
|
|a ABA001
|b cze
|c ABA001
|d ABA001
|
| 100 |
1 |
|
|a Veselý, Josef,
|d 1875-1934
|7 jk01142180
|4 com
|
| 245 |
1 |
0 |
|a A. Pravoslav Veselý :
|b jeho životopis a ideály /
|c uspořádal Josef Veselý
|
| 260 |
|
|
|a V Praze :
|b J. Veselý,
|c 1919-1920
|e (V Kladně :
|f J. Šnajdr)
|
| 300 |
|
|
|a 2 sv. (115; 171 s.) :
|b il. ;
|c 20 cm
|
| 500 |
|
|
|a Podnázev 2. dílu: jeho život, zápasy a ideály
|
| 856 |
4 |
1 |
|u http://www.digitalniknihovna.cz/mzk/uuid/uuid:bd482100-4e18-11e4-b4e0-005056825209
|y Digitalizovaný dokument
|x NDK
|
| 910 |
|
|
|a BOA001
|b 1-0046.638
|s 1-2
|
| 990 |
|
|
|a BK
|
| 993 |
|
|
|a Y
|
| 991 |
|
|
|b 202010
|
| 996 |
7 |
|
|b 2619783224
|c 1-0046.638
|d 1.
|v 1
|l MZK
|r Sklad / do 1 hodiny
|n 4
|w 000439018
|u 000010
|a 1
|e BOA001
|j MZK50
|s A
|
| 996 |
7 |
|
|b 2619783225
|c 1-0046.638
|d 2.
|v 2
|l MZK
|r Sklad / do 1 hodiny
|n 3
|w 000439018
|u 000020
|a 1
|e BOA001
|j MZK50
|s A
|